Koncepcia celoživotného vzdelávania, jej aplikácia v podmienkach v SR a participácia Akadémie vzdelávania na jej realizácii
Rozvoj celosvetovej spoločnosti a vzdelávanie. Medzinárodné trendy v celoživotnom vzdelávaní. Koncepcia celoživotného vzdelávania na Slovensku. MIesto Akadémie vzdelávania v celoživotnom vzdelávaní.
Uložené v:
| Hlavný autor: | |
|---|---|
| Médium: | Kapitola |
| Jazyk: | Slovak |
| Predmet: | |
| Tagy: |
Žiadne tagy, Buďte prvý, kto otaguje tento záznam!
|
MARC
| LEADER | 00000naa$a2200000$$$4500 | ||
|---|---|---|---|
| 001 | 0036768 | ||
| 005 | 20230918125217.4 | ||
| 041 | 0 | |a slo | |
| 044 | |a SK | ||
| 245 | 1 | 0 | |a Koncepcia celoživotného vzdelávania, jej aplikácia v podmienkach v SR a participácia Akadémie vzdelávania na jej realizácii |c Beata Kosová |
| 520 | |a Rozvoj celosvetovej spoločnosti a vzdelávanie. Medzinárodné trendy v celoživotnom vzdelávaní. Koncepcia celoživotného vzdelávania na Slovensku. MIesto Akadémie vzdelávania v celoživotnom vzdelávaní. | ||
| 610 | 2 | 0 | |a vzdelávanie dospelých |
| 610 | 2 | 0 | |a koncepcie |
| 610 | 2 | 0 | |a Slovensko |
| 610 | 2 | 0 | |a spoločnosť globálna |
| 610 | 2 | 0 | |a výchova |
| 610 | 2 | 0 | |a spoločnosť vedomostná |
| 610 | 2 | 0 | |a vzdelávanie celoživotné |
| 610 | 2 | 0 | |a Akadémia vzdelávania |
| 100 | 1 | |a Kosová, Beata | |